|
|
|
|
| LEADER |
00000nab a2200000 ar4500 |
| 001 |
vtls010275367 |
| 003 |
SK-MaSNL |
| 005 |
20260318121708.0 |
| 008 |
110503c20110416xo |||||||| 000 b|hun |
| 015 |
|
|
|a SNBRB2011/04
|2 snkbucl
|
| 038 |
|
|
|a SNKBUCL
|
| 040 |
|
|
|a DSZK
|b slo
|c DSZK
|e AACR2
|
| 041 |
0 |
|
|a hun
|
| 044 |
|
|
|a xo
|c SK
|
| 080 |
|
|
|a 821.511.141 (437.6)-4=511.141
|2 2001
|
| 080 |
|
|
|a 323.1
|x (437.6)
|2 2001
|
| 080 |
|
|
|a 323.1
|x (439)
|2 2001
|
| 080 |
|
|
|a 323.22/.28
|x (437.6)
|2 2001
|
| 080 |
|
|
|a 323.22/.28
|x (439)
|2 2001
|
| 080 |
|
|
|a 314.113:323.1
|2 2001
|
| 080 |
|
|
|a 796.332
|2 2001
|
| 100 |
1 |
|
|a Szigeti, László,
|d 1949-
|4 aut
|9 217521
|
| 245 |
1 |
0 |
|a Megvetéséhez törvényt igazít
|b elképzelem, húsvétvasárnap Robert Fico és Orbán Viktor csapatkapitányságával megmérkőzik egymással a két ország nemzetpolitikusi válogatottja-
|c Szigeti László
|
| 300 |
|
|
|b Fotogr.
|
| 650 |
0 |
7 |
|a futbal
|2 SNKPH
|9 3291
|
| 650 |
0 |
7 |
|a medzinárodné vzťahy
|2 SNKPH
|9 3690
|
| 650 |
0 |
7 |
|a národnostná politika
|2 SNKPH
|9 4656
|
| 650 |
0 |
7 |
|a národná politika
|2 snkbucl
|9 465017
|
| 650 |
0 |
7 |
|a vnútropolitický vývoj
|2 SNKPH
|9 88635
|
| 651 |
|
7 |
|a Slovensko
|2 SNKPHgeo
|9 14231
|
| 651 |
|
7 |
|a Maďarsko
|2 SNKPHgeo
|9 16754
|
| 655 |
|
7 |
|a eseje
|2 SNKPH
|9 57030
|
| 773 |
0 |
|
|t Új szó
|g Évf. 64, sz. 89 (16.4.2011), o. 10
|x 1335-7050
|
| 773 |
0 |
8 |
|i Mell.:
|t Szalon
|g Évf. 5, sz. 15 (2011)
|
| 852 |
|
|
|a SNK
|b KIS3GCP
|
| 852 |
|
|
|a DSZK
|b KIS3GCP
|
| 958 |
|
|
|a HU
|
| 958 |
|
|
|a SK
|
| 958 |
|
|
|a LX
|
| 999 |
|
|
|c 3160295
|d 3162225
|